Teoría de la participación criminal : alcances. Modalidades. Autoría, causalidad y participación. Instigación. Complicidad /

Guardado en:
Autor Principal: Fierro, Guillermo Julio
Formato: Libro
Idioma:Spanish
Publicado: Buenos Aires : Astrea, 2001
Edición:2a. ed. act. y amp.
Materias:
Etiquetas: Agregar Etiqueta
Sin Etiquetas, Sea el primero en etiquetar este registro!
LEADER 00576nam a22001575a 4500
001 DER.der009117
008 180615s2001####ag#||||||||||||||#||spa||
005 20250627125606.0
245 1 0 |a Teoría de la participación criminal :  |b alcances. Modalidades. Autoría, causalidad y participación. Instigación. Complicidad /  |c Guillermo Julio Fierro. 
250 |a 2a. ed. act. y amp. 
260 |a Buenos Aires :  |b Astrea,  |c 2001 
300 |a 590 p. 
020 |a 9505085486 
100 1 |a Fierro, Guillermo Julio 
650 7 |a DERECHO PROCESAL PENAL 
859 |a DERECHO  |b BIB. DERECHO  |h 345.05  |i FIE  |p 001078